| 000 | 00945nam a22002897a 4500 | ||
|---|---|---|---|
| 001 | 7193 | ||
| 003 | FISKH | ||
| 005 | 20250702095713.0 | ||
| 008 | 250702b cb ||||| |||| 00| 0 eng d | ||
| 020 | _a059025071x | ||
| 040 |
_aDLC _cDLC _dDLC _beng |
||
| 050 | _a PZ7.S97 A4 | ||
| 082 | _a813.54 | ||
| 100 | _aSuzanne, Jamie | ||
| 245 | 1 | 0 |
_aAgainst the rules / _cWritten by Jamie Suzanne ; Created by Francine Pascal |
| 250 | _aThis edition first published in 1998 | ||
| 260 |
_aNew York : _bScholastic, _c1998. |
||
| 300 |
_a104 pages : _c20 cm |
||
| 505 | _aR | ||
| 520 | _aElizabeth collaborates on a school play with her friend Sophia Rizzo, even though her parents tell her to stay away from Sophia, whose brother has been in reform school. | ||
| 521 | 8 |
_a690
_bLexile |
|
| 521 | 8 |
_aR
_bRaz-Plus |
|
| 650 |
_2Sweet Valley _aTeen Series |
||
| 650 |
_2Fiction _aMedium paperback |
||
| 942 |
_2ddc _cBK _n0 |
||
| 999 |
_c7193 _d7193 |
||